[Event "Central-SRB chT 2018"]
[Site "Kragujevac"]
[Date "2018.09.19"]
[Round "8"]
[White "Rakhmanov, Aleksandr"]
[Black "Soysal, Serkan"]
[Result "1/2-1/2"]
[WhiteElo "2647"]
[BlackElo "2404"]
[Annotator "TA"]
[PlyCount "79"]
[EventDate "2018.09.14"]
[EventType "team-tourn"]
[EventCountry "SRB"]
[SourceTitle "playchess.com"]
[Source "ChessBase"]
[SourceQuality "1"]

{[%evp 16,79,6,-4,0,0,9,0,12,0,0,0,0,-9,4,0,-4,-4,-9,-14,0,0,0,0,-6,-6,-6,-6,-6,0,1,0,0,0,0,0,0,-8,-3,-7,0,0,3,0,0,0,0,-7,-6,-14,0,-6,0,0,0,0,0,0,0,0,0,-22,0,0,0,0]} 1. Nf3 d5 2. g3 Nf6 3. Bg2 g6 4. d4 Bg7 5. c4 c6 6. Qb3 O-O 7. O-O Qb6 8. Nc3 Rd8 9. Bd2 {LiveBook: 13 Games. The position is equal. D78: Fianchetto Grünfeld: 6 0-0 c6} dxc4 10. Qxc4 Be6 11. Qa4 Na6 $146 ({Predecessor:} 11... Bg4 12. e3 Nbd7 13. Qc2 c5 14. h3 Be6 15. Rfd1 Rac8 16. Be1 Nd5 {1-0 (53) Wojtaszek,R (2730)-Mista,A (2599) Poland 2018}) 12. Qa3 Qb4 13. Qxb4 Nxb4 14. Rfc1 Nbd5 15. Na4 Ne4 16. Ba5 b6 17. Be1 {[#]} c5 $1 {[%mdl 512]} 18. dxc5 Nxc5 19. Nxc5 bxc5 20. Rxc5 Bxb2 21. Rb1 Bf6 22. Rbc1 Rac8 23. Rxc8 Rxc8 24. Rxc8+ Bxc8 25. e4 Nb6 26. e5 Bg7 27. Bb4 Be6 28. a3 Nc4 29. Nd4 Bxe5 30. Nxe6 fxe6 $11 {[%mdl 4096] Endgame KBB-KBN} 31. Bf1 Nd6 32. Bc5 Nc8 33. a4 a5 34. Bd3 Kf7 35. Kg2 Bc3 36. Kf3 Nd6 37. h4 e5 38. g4 Kf6 39. Bb6 h6 40. Be3 {Precision: White = 55%, Black = 59%.} 1/2-1/2

[Event "Central-SRB chT 2018"]
[Site "Kragujevac"]
[Date "2018.09.19"]
[Round "8"]
[White "Zajic, Milan"]
[Black "Ristic, Nebojsa M"]
[Result "1-0"]
[WhiteElo "2497"]
[BlackElo "2361"]
[Annotator "TA"]
[PlyCount "73"]
[EventDate "2018.09.14"]
[EventType "team-tourn"]
[EventCountry "SRB"]
[SourceTitle "playchess.com"]
[Source "ChessBase"]
[SourceQuality "1"]

{[%evp 19,73,40,37,0,0,0,21,21,23,14,24,26,27,0,8,8,8,8,10,2,3,-16,-22,-33,-28,-27,-24,-40,-19,-19,131,126,275,277,636,628,612,564,684,679,649,652,653,616,732,727,29988,29989,29989,29990,29990,29991,29991,29991,29998,29999]} 1. e4 c6 2. d4 d5 3. Nd2 dxe4 4. Nxe4 Nf6 5. Nxf6+ exf6 6. c3 Bd6 7. Bd3 O-O 8. Ne2 Re8 9. Qc2 h6 10. O-O Qc7 {LiveBook: 32 Games. B15: Caro-Kann: 3 Nc3: 3...g6 and 3...dxe4 4 Nxe4 Nf6 5 Nxf6+ exf6} 11. g3 (11. Ng3 Nd7 12. Bd2 Nf8 13. Rfe1 Be6 14. c4 Rad8 15. Bc3 h5 16. b3 h4 17. Nf1 Bc8 18. Rxe8 Rxe8 {1-0 (53) Mekhitarian,K (2545)-Leitao,R (2619) Foz do Iguacu 2018}) 11... Bh3 12. Re1 Nd7 {The position is equal.} 13. Bf4 Nf8 $146 ({Predecessor:} 13... Rxe2 14. Qxe2 Bxf4 15. Qe4 Nf8 16. Qxf4 Qxf4 17. gxf4 Ne6 18. f5 {1-0 (27) Hammer,J (2482)-Mihajlov,S (2032) Oslo 2008}) 14. Bxd6 Qxd6 15. Nf4 Bg4 16. Bf5 Bxf5 17. Qxf5 g6 18. Qd3 Kg7 19. Re3 Ne6 20. Ng2 Rad8 21. Qe2 c5 22. dxc5 Qxc5 23. Re1 Rd7 24. h4 Red8 {[#]} (24... h5 $11) 25. Rxe6 $1 $16 Rd2 (25... fxe6 $16 26. Nf4 Re8) 26. Qe3 $18 Qf5 $2 (26... Qxe3 27. R6xe3 Rxb2) 27. Re7 g5 28. h5 Qg4 29. Rxb7 Qxh5 30. Qxa7 Rd1 31. Rbe7 R8d2 32. b4 Qf3 33. Rxf7+ {White mates.} Kg6 34. Rg7+ Kh5 35. Qf7+ Kg4 36. Qc4+ Kh5 {[#]} 37. g4+ $1 {Precision: White = 57%, Black = 33%.} 1-0

[Event "Central-SRB chT 2018"]
[Site "Kragujevac"]
[Date "2018.09.19"]
[Round "8"]
[White "Pezelj, Novak"]
[Black "Cvetanovic, Uros"]
[Result "1-0"]
[WhiteElo "2457"]
[BlackElo "2295"]
[Annotator "TA"]
[PlyCount "187"]
[EventDate "2018.09.14"]
[EventType "team-tourn"]
[EventCountry "SRB"]
[SourceTitle "playchess.com"]
[Source "ChessBase"]
[SourceQuality "1"]

{[%evp 9,187,15,69,31,45,45,52,49,76,65,87,78,82,79,82,77,83,76,85,51,75,52,63,65,91,80,80,80,82,78,93,108,90,75,81,81,109,95,97,80,89,80,80,57,80,75,102,79,79,74,100,101,102,100,102,102,102,102,102,102,102,102,102,102,102,90,102,102,102,102,102,102,102,102,102,102,102,102,102,102,102,102,102,102,102,102,102,67,67,67,106,67,97,49,209,107,107,104,271,264,251,151,158,158,275,277,277,277,341,331,357,294,275,272,327,338,282,316,350,344,581,572,590,581,641,643,643,636,643,506,593,566,596,573,543,550,543,525,539,534,521,510,495,445,728,726,965,919,905,833,1410,1521,2316,2347,2468,2166,2731,2493,2259,2077,29979,29980,29982,29981,29981,29982,29982,29983,29986,29987,29987,29988,29989,29990,29992,29993,29994,29995,29995,29996]} 1. e4 c5 2. Nf3 e6 3. b3 d6 4. Bb2 e5 (4... Nf6 5. Qe2 Nc6 6. g3 Be7 7. Bg2 O-O 8. O-O e5 9. c4 a6 10. Nc3 Rb8 11. Nd5 b5 12. d3 Re8 13. h3 Bf8 14. Qd2 a5 15. Kh2 g6 16. Ne1 Nxd5 17. cxd5 {½-½ (26) Salgado Lopez,I (2644)-Ding,L (2777) Riadh 2017}) 5. Bc4 Be6 (5... Be7 $11) 6. Qe2 $146 {B50: Sicilian: 2...d6, Miscellaneous} ({Predecessor:} 6. d3 Nc6 7. O-O Be7 8. Nc3 Nf6 9. Nd5 O-O 10. h3 Bxd5 11. Bxd5 Nxd5 12. exd5 {1-0 (44) Mamedov,R (2650)-Movsesian,S (2659) Minsk 2015}) 6... Be7 7. O-O Bf6 8. c3 {White is slightly better.} Ne7 9. d4 O-O 10. dxe5 dxe5 11. Bxe6 fxe6 12. Rd1 Qc7 13. Na3 a6 14. Rd2 Nd7 15. Rad1 Rfd8 16. Nc4 b5 17. Rxd7 Rxd7 18. Rxd7 Qxd7 19. Nb6 Qc6 20. Nxa8 Qxa8 21. Ba3 Qc8 22. g3 Ng6 23. h4 Nf8 24. Nh2 Qc7 25. Ng4 Nd7 26. Bc1 Be7 27. Ne3 Qa5 28. Qc2 Qc7 29. Kg2 Nb6 30. c4 b4 31. Qd1 Qd6 32. Qh5 g6 33. Qf3 {Ng4 is the strong threat.} Qd3 34. Ng4 Qxf3+ 35. Kxf3 $16 {[%mdl 4096] Endgame KBN-KBN} Nd7 36. Bb2 Bd6 37. Ke3 h5 38. Nh2 Be7 39. Nf3 Bf6 40. Ne1 Kf7 41. Nd3 Ke7 42. Ke2 Kf7 43. Kf1 Kg7 44. Kg2 Kf7 45. Kh3 Bg7 46. Bc1 Bf6 47. Be3 Be7 48. f4 exf4 49. Bxf4 Bf6 50. e5 Be7 51. g4 a5 $2 (51... hxg4+ $1 $14 52. Kxg4 Bd8) 52. Be3 (52. gxh5 $1 $18 gxh5 53. Bg5) 52... Bf8 53. Kg3 Be7 $2 (53... hxg4 $16 54. Kxg4 Bg7) 54. gxh5 $1 $18 gxh5 55. Bf2 Bf8 56. Kf3 Bg7 (56... Be7 $16 {might work better.} 57. Ke4 Bd8 58. Nxc5 Nxc5+ 59. Bxc5 Ke8) 57. Ke4 ({Weaker is} 57. Nxc5 Nxe5+ 58. Ke4 Bf6 $16) 57... Bf8 {[#]} 58. Bg3 $1 Bh6 59. Bf4 Kg6 60. Bh2 Kf7 61. Bg1 Bf8 {[#]} 62. Bf2 $1 {[%cal Rf2e1]} Be7 63. Nf4 Bf8 64. Nxh5 Be7 $2 (64... Bg7 65. Bg3 Kg8 66. Nxg7 Kxg7) 65. Nf4 Bf8 66. h5 {[%cal Bh4h5,Bh5h6][%mdl 32]} Bh6 67. Nd3 Bf8 68. Be3 Be7 69. Bg1 Kg7 70. Bf2 Kf7 71. h6 Kg8 72. Nf4 Nf8 73. Nd5 exd5+ 74. Kxd5 Bg5 75. Bxc5 Bxh6 76. Bb6 Kf7 (76... Bc1 $142 77. Bxa5 Ba3) 77. Bxa5 Ne6 78. Bxb4 Nf4+ 79. Ke4 Ne6 80. a4 {[%cal Ba2a4,Ba4a5][%mdl 32]} Ke8 81. Bd6 Kd7 82. b4 Bd2 83. a5 Nc7 84. Kd4 Be1 85. Bxc7 {White mates.} Kxc7 {KB-KP} 86. Kc5 Bf2+ 87. Kb5 Bg3 88. e6 Bh4 89. a6 Be7 90. c5 {[%cal Bc4c5,Bc5c6,Bc6c7][%mdl 32]} Bf8 91. c6 Kb8 92. Kb6 Bd6 93. a7+ Ka8 94. c7 {Precision: White = 79%, Black = 47%.} 1-0

[Event "Central-SRB chT 2018"]
[Site "Kragujevac"]
[Date "2018.09.19"]
[Round "8"]
[White "Nestorovic, Nikola"]
[Black "Barlov, Dragan"]
[Result "1/2-1/2"]
[WhiteElo "2453"]
[BlackElo "2414"]
[Annotator "TA"]
[PlyCount "64"]
[EventDate "2018.09.14"]
[EventType "team-tourn"]
[EventCountry "SRB"]
[SourceTitle "playchess.com"]
[Source "ChessBase"]
[SourceQuality "1"]

{[%evp 18,64,60,58,56,56,67,54,70,60,114,62,83,75,97,90,134,129,168,145,158,132,122,122,152,82,162,143,140,140,178,172,197,163,191,101,100,0,0,0,47,31,35,35,50,45,57,31,31]} 1. e4 c5 2. Nf3 e6 3. d4 cxd4 4. Nxd4 a6 5. c4 Qc7 6. Nc3 Nf6 7. Be2 Nc6 8. O-O Bb4 9. Bg5 Be7 10. Be3 d6 {B41: Sicilian: Kan Variation: 5 c4} 11. Rc1 Bd7 12. Nb3 O-O 13. f4 {[#]} Bc8 $146 (13... b5 $14) ({Predecessor:} 13... Na5 14. Nd2 Rac8 15. b4 Nc6 16. a3 Qb8 17. Nb3 Be8 18. Bd3 Nd7 19. Rf3 g6 20. Rh3 Nf6 {1-0 (40) Solodovnichenko,Y (2541)-Chernuschevich,A (2522) Chambery 2008}) 14. g4 (14. Bf3 $16) 14... Nd7 15. g5 Qd8 16. h4 Re8 17. Qe1 Bf8 18. Qf2 b6 19. Nd2 Bb7 20. a3 {[%cal Ba2a3,Ba3b4][%mdl 32]} Ne7 21. b4 (21. Rcd1 $142) 21... Bc6 (21... a5 $16) 22. Nb3 a5 23. Nd4 axb4 24. axb4 e5 25. fxe5 Nxe5 26. h5 ({White should try} 26. Nxc6 $18 N7xc6 27. Nd5 (27. Bxb6 Qd7 $16)) 26... Bd7 $16 27. Nf5 (27. Qf4 $16) 27... Nxf5 $11 28. exf5 {[%cal Be4f5,Bf5f6][%mdl 32]} Bc6 29. f6 {White is slightly better.} Qd7 {[#] Hoping for ...Qh3.} 30. Qg3 Qe6 31. Bd4 Ra3 32. Rf4 Rea8 {Precision: White = 41%, Black = 47%.} 1/2-1/2

[Event "Central-SRB chT 2018"]
[Site "Kragujevac"]
[Date "2018.09.19"]
[Round "8"]
[White "Csonka, Balazs"]
[Black "Ivanov, Mikhail M"]
[Result "1-0"]
[WhiteElo "2450"]
[BlackElo "2367"]
[Annotator "TA"]
[PlyCount "75"]
[EventDate "2018.09.14"]
[EventType "team-tourn"]
[EventCountry "SRB"]
[SourceTitle "playchess.com"]
[Source "ChessBase"]
[SourceQuality "1"]

{[%evp 13,75,39,26,-68,-69,-60,-54,-51,-61,-54,-54,-68,0,0,52,0,0,5,31,6,39,0,0,0,0,0,2,0,99,113,154,27,91,0,225,0,0,0,0,0,0,0,0,0,260,258,251,244,432,456,468,458,416,439,655,604,739,669,1836,1831,6199,1371,29998,29999]} 1. e4 e5 2. Nf3 Nc6 3. Bb5 {[%cal Bf1b5,Bb5a4,Ba4b3][%mdl 32]} a6 4. Ba4 b5 5. Bb3 g6 6. d4 {C70: Ruy Lopez: 3...a6 4 Ba4, Norwegian and Delayed Schliemann} exd4 7. Nxd4 Na5 {LiveBook: 8 Games} 8. Nxb5 $146 (8. O-O $11) ({Predecessor:} 8. O-O Bg7 9. Re1 Ne7 10. e5 O-O 11. Bg5 c5 12. Bd5 Rb8 13. Nb3 Nxb3 14. axb3 {0-1 (31) Kramnik,V (2792)-Mamedyarov,S (2808) Paris 2018}) 8... axb5 $15 {[#]} 9. Bxf7+ $1 {[%mdl 512]} Kxf7 10. Qd5+ Kg7 11. Qxa8 Nc6 12. Nc3 Nd4 (12... Bc5 $15 13. O-O Nf6) 13. O-O $11 Ne7 ({Black should play} 13... c6 $11) 14. Bg5 (14. b4 $14) 14... h6 15. Bh4 {next f4 is good for White.} g5 16. Bg3 $36 {[%mdl 2048] White is more active.} Nec6 17. Rad1 {Rxd4! is the strong threat.} Bc5 18. Nd5 Ne2+ 19. Kh1 Nxg3+ 20. fxg3 h5 (20... Bd6 $11) 21. b4 $16 Bd6 22. Ne3 (22. Rf5 $1 $16) 22... Bxb4 $11 23. a4 ({Better is} 23. Rd5 $16) 23... Bc5 $2 {[#]} (23... Ne5 $1 $11 {and Black is okay.}) 24. axb5 $2 ({White must play} 24. Nf5+ $1 $18 Kh7 25. Rd5 (25. axb5 Ne5 $11)) 24... Ne5 25. Qa1 d6 26. Nc4 Qe7 27. Rd5 {[%cal Rc4e5]} Re8 28. Qc3 {Threatens to win with Nxe5.} Bb6 $2 {[%mdl 8192]} (28... Rf8 $11 29. Rf3 Bb4) 29. Nxb6 $18 cxb6 30. Qd4 $1 {[%csl LRb6,LRd6]} Rf8 $2 {[#]} (30... Rd8 {keeps fighting.}) 31. Rxf8 $1 Qxf8 32. Kg1 Kh7 33. Rxd6 Nf7 (33... Qg7 $142 34. c3 h4 35. Rxb6 h3) 34. Rxb6 Qa3 {intending ...Qc1+.} 35. Rf6 Nh6 36. h3 g4 37. h4 (37. Rc6 $142 Nf7 38. Qf6) 37... Ng8 38. Rf7+ {Precision: White = 56%, Black = 34%.} 1-0

[Event "Central-SRB chT 2018"]
[Site "Kragujevac"]
[Date "2018.09.19"]
[Round "8"]
[White "Radovanovic, Nikola"]
[Black "Damljanovic, Branko"]
[Result "0-1"]
[WhiteElo "2420"]
[BlackElo "2470"]
[Annotator "TA"]
[PlyCount "58"]
[EventDate "2018.09.14"]
[EventType "team-tourn"]
[EventCountry "SRB"]
[SourceTitle "playchess.com"]
[Source "ChessBase"]
[SourceQuality "1"]

{[%evp 16,58,38,28,49,7,22,-14,-11,-4,-14,-13,-8,-6,-6,-6,-7,-10,-10,-10,-9,-8,-9,-10,0,-17,-11,-98,-87,-92,-97,-130,-122,-163,-156,-243,-249,-256,-255,-284,-284,-327,-334,-349,-341]} 1. d4 Nf6 2. c4 g6 3. Nf3 Bg7 4. g3 O-O 5. Bg2 d6 6. O-O Nc6 7. Nc3 Bf5 8. Nh4 Bd7 9. f4 {LiveBook: 14 Games. E62: King's Indian: Fianchetto: 6...c6 and Panno Variation (6...Nc6) without ...a6} a6 10. Nf3 Na5 11. c5 {The position is equal.} dxc5 $146 ({Predecessor:} 11... Bf5 12. Qa4 c6 13. Nh4 b5 {1-0 (67) Korobov,A (2705)-Kempinski,R (2580) Legnica 2013}) 12. dxc5 Bc6 13. Qc2 b5 {[%cal Bb7b5,Bb5b4][%mdl 32]} 14. Rd1 Qe8 $1 {[#] aiming for ...b4.} 15. e4 {[%cal Be2e4,Be4d5][%mdl 32]} b4 16. Nd5 Nxd5 17. exd5 Ba4 $36 {[%mdl 2048] Black has good play.} 18. b3 {[#] And now Bb2 would win.} Bxa1 19. bxa4 Rb8 20. c6 e6 {[%cal Be7e6,Be6d5][%mdl 32] Strongly threatening ...exd5.} 21. Be3 (21. Qc5 $11 {remains equal.}) 21... exd5 $17 22. Bc5 Bc3 23. Bxf8 Kxf8 24. Ne5 Nxc6 25. Nxc6 (25. Bxd5 $17 Nxe5 26. fxe5) 25... Qxc6 $19 26. Qf2 Rd8 {Black has a decisive advantage.} 27. f5 Rd6 28. Kh1 Qxa4 29. Rf1 Qd7 {Precision: White = 49%, Black = 82%.} 0-1

[Event "Central-SRB chT 2018"]
[Site "Kragujevac"]
[Date "2018.09.19"]
[Round "8"]
[White "Djordjevic, Vuk"]
[Black "Dezelin, Milan"]
[Result "1-0"]
[WhiteElo "2404"]
[BlackElo "1985"]
[Annotator "ChessBase"]
[PlyCount "72"]
[EventDate "2018.09.14"]
[EventType "team-tourn"]
[EventCountry "SRB"]
[SourceTitle "playchess.com"]
[Source "ChessBase"]
[SourceQuality "1"]
[TimeControl "40/5400+30:1800+30"]

1. d4 {[%emt 0:02:13]} Nf6 {[%emt 0:00:00]} 2. Bg5 {[%emt 0:00:10]} d5 {[%emt 0:00:00]} 3. e3 {[%emt 0:00:14]} e6 {[%emt 0:05:33]} 4. c4 {[%emt 0:02:10]} c6 {[%emt 0:00:33]} 5. Nc3 {[%emt 0:05:10]} Nbd7 {[%emt 0:00:12]} 6. Nf3 {[%emt 0:00:09]} Qa5 {[%emt 0:00:26]} 7. Nd2 {[%emt 0:02:08]} Bb4 {[%emt 0:02:46]} 8. Qc2 {[%emt 0:00:47]} O-O {[%emt 0:00:06]} 9. Be2 {[%emt 0:00:31]} dxc4 {[%emt 0:01:26]} 10. Bxf6 {[%emt 0:00:41]} Nxf6 {[%emt 0:00:02]} 11. Nxc4 {[%emt 0:00:19]} Qc7 {[%emt 0:10:41]} 12. O-O {[%emt 0:01:26]} Bd7 {[%emt 0:19:43]} 13. a3 {[%emt 0:08:45]} Be7 {[%emt 0:09:05]} 14. b4 {[%emt 0:04:06]} b6 {[%emt 0:07:56]} 15. Rab1 {[%emt 0:10:37]} Nd5 {[%emt 0:10:35]} 16. Rfc1 {[%emt 0:08:35]} Rfc8 {[%emt 0:10:56]} 17. e4 {[%emt 0:03:31]} Nxc3 {[%emt 0:02:31]} 18. Qxc3 {[%emt 0:00:11]} Be8 {[%emt 0:09:15]} 19. g3 {[%emt 0:09:22]} Rd8 {[%emt 0:02:48]} 20. Nd2 {[%emt 0:05:28]} Qd6 {[%emt 0:01:47]} 21. Nb3 {[%emt 0:01:11]} a5 {[%emt 0:01:52]} 22. e5 {[%emt 0:07:20]} Qd5 {[%emt 0:00:25]} 23. bxa5 {[%emt 0:02:30]} Bxa3 {[%emt 0:00:32]} 24. Bc4 {[%emt 0:02:42]} Qd7 {[%emt 0:01:00]} 25. Rd1 {[%emt 0:01:06]} b5 {[%emt 0:00:36]} 26. Be2 {[%emt 0:01:40]} Qa7 {[%emt 0:00:54]} 27. Ra1 {[%emt 0:01:55]} Be7 {[%emt 0:00:30]} 28. Nc5 {[%emt 0:00:14]} Bxc5 {[%emt 0:00:23]} 29. dxc5 {[%emt 0:00:08]} Rd5 {[%emt 0:00:16]} 30. Rxd5 {[%emt 0:03:40]} exd5 {[%emt 0:00:02]} 31. a6 {[%emt 0:09:54]} Bd7 {[%emt 0:00:25]} 32. Bd3 {[%emt 0:03:31]} Bc8 {[%emt 0:01:20]} 33. Qd4 {[%emt 0:00:09]} Qe7 {[%emt 0:00:46]} 34. a7 {[%emt 0:01:34]} Rxa7 {[%emt 0:00:34]} 35. Rxa7 {[%emt 0:00:43]} Qxa7 {[%emt 0:00:01]} 36. Qh4 {[%emt 0:00:13]} Qa1+ {[%emt 0:02:03]} 1-0

[Event "Central-SRB chT 2018"]
[Site "Kragujevac"]
[Date "2018.09.19"]
[Round "8"]
[White "Dudukovic, Nikola"]
[Black "Colovic, Dusan"]
[Result "1/2-1/2"]
[WhiteElo "2404"]
[BlackElo "2296"]
[Annotator "TA"]
[PlyCount "20"]
[EventDate "2018.09.14"]
[EventType "team-tourn"]
[EventCountry "SRB"]
[SourceTitle "playchess.com"]
[Source "ChessBase"]
[SourceQuality "1"]

{[%evp 19,20,-14,15]} 1. Nf3 Nf6 2. g3 d5 3. d4 e6 4. Bg2 Be7 5. O-O O-O 6. c4 c6 7. b3 Nbd7 8. Bb2 b6 9. Nbd2 Bb7 10. Bc1 $146 {E07: Katalanisch} ({Vorgänger:} 10. Rc1 Rc8 11. e3 dxc4 12. Nxc4 c5 13. Qe2 cxd4 14. Nxd4 Bxg2 15. Kxg2 a6 16. Nf3 b5 17. Nce5 Qb6 18. Nxd7 {½-½ (18) Dubov,D (2691)-Korobov,A (2664) Abu Dhabi 2018}) 10... Nb8 {LiveBook: 42 Partien} 1/2-1/2

[Event "Central-SRB chT 2018"]
[Site "Kragujevac"]
[Date "2018.09.19"]
[Round "8"]
[White "Atakisi, Umut"]
[Black "Draskovic, Luka"]
[Result "1/2-1/2"]
[WhiteElo "2397"]
[BlackElo "2449"]
[Annotator "TA"]
[PlyCount "75"]
[EventDate "2018.09.14"]
[EventType "team-tourn"]
[EventCountry "SRB"]
[SourceTitle "playchess.com"]
[Source "ChessBase"]
[SourceQuality "1"]

{[%evp 25,75,16,10,22,31,13,25,35,64,64,58,50,96,62,89,27,27,13,36,37,47,34,35,35,37,31,40,-3,0,-7,-4,-14,0,0,0,-28,-40,-43,-3,-4,-5,-6,0,0,0,0,0,0,0,0,0,0]} 1. e4 d6 2. d4 Nf6 3. Nc3 e5 4. Nf3 Nbd7 5. Bc4 Be7 6. a4 O-O 7. O-O c6 8. Re1 a5 9. h3 Nb6 {C41: Philidor-Verteidigung} (9... Re8 10. Ba2 Bf8 11. Be3 Qc7 12. Ng5 Re7 13. f4 b6 14. fxe5 dxe5 15. d5 cxd5 16. exd5 {1-0 (16) Wang,H (2709)-Ivanchuk,V (2726) Huaian 2017}) 10. Bb3 Nfd7 11. Be3 exd4 12. Bxd4 Nc5 13. Bxc5 dxc5 {LiveBook: 19 Partien} 14. Qe2 Qd6 15. Qe3 c4 16. Qxb6 cxb3 17. Qxb3 Be6 $146 18. Qb6 $1 ({Jedoch nicht} 18. Qxb7 $2 Rfb8 $19) 18... Ra6 19. Qd4 Qb4 20. Qxb4 (20. Ne2 $16) 20... axb4 $11 21. Nd5 Bxd5 22. exd5 Bf6 23. Ne5 {zielt auf dxc6 ab.} cxd5 24. Nd3 Ra5 25. Ra2 b5 26. b3 h6 27. Re2 Bc3 28. Nf4 d4 29. Nd3 bxa4 30. bxa4 Rfa8 31. Nb2 Bxb2 32. Rxb2 {Die Stellung ist ausgeglichen.} Rxa4 $15 {[%mdl 4096] Endspiel KTT-KTT} 33. Rd2 Ra1+ 34. Kh2 R1a2 35. Rxb4 d3 36. Rc4 Rxc2 37. Rcxc2 dxc2 38. Rxc2 {Precision: Weiß = 61%, Schwarz = 56%.} 1/2-1/2

[Event "Central-SRB chT 2018"]
[Site "Kragujevac"]
[Date "2018.09.19"]
[Round "8"]
[White "Zlatanovic, Boroljub"]
[Black "Ostojic, Nikola"]
[Result "*"]
[WhiteElo "2371"]
[BlackElo "2441"]
[Annotator "TA"]
[PlyCount "70"]
[EventDate "2018.09.14"]
[EventType "team-tourn"]
[EventCountry "SRB"]
[SourceTitle "playchess.com"]
[Source "ChessBase"]
[SourceQuality "1"]

{[%evp 17,70,-116,-119,-188,-139,-133,-139,-138,-137,-139,-137,-131,-146,-175,-133,-139,-143,-185,-145,-187,-56,-177,-196,-174,-188,-197,-202,-199,-203,-176,-120,-339,-317,-307,-319,-283,-298,-312,-327,-341,-320,-335,-119,-272,-272,-53,-190,-214,-53,-135,0,0,0,0,0]} 1. c4 c5 2. Nc3 Nc6 3. g3 g6 4. Bg2 Bg7 5. a3 e6 6. b4 Nxb4 7. axb4 cxb4 8. Nb5 {A36: Symmetrical English vs ...g6: 4 Bg2 Bg7} Bxa1 9. Qa4 Bf6 {LiveBook: 6 Games. ...a5 is the strong threat.} 10. d4 (10. Nd6+ $17 Kf8 11. Qxb4) 10... a6 11. Nd6+ Kf8 12. Qxb4 Be7 $146 ({Predecessor:} 12... Kg7 13. Nf3 Be7 14. c5 Bxd6 15. cxd6 b5 {1-0 (40) Wahls,M (2546)-Haskamp,S (2308) Germany 2003}) 13. Ba3 f6 14. Nf3 Nh6 15. c5 Nf7 16. Nd2 Rb8 $1 17. N2c4 {White wants to play Nb6.} b5 {And now ...Bxd6 would win.} 18. Na5 Kg7 (18... Bxd6 $1 $19 19. cxd6 h5) 19. O-O (19. Nxf7 $15 Kxf7 20. O-O) 19... Bxd6 $1 $19 20. cxd6 Rb6 21. e4 Nxd6 22. e5 fxe5 23. dxe5 {[#]} Nb7 (23... Nc4 $1 $19 24. Nxc4 bxc4 25. Qxc4 Bb7 26. Bxb7 Rxb7 27. Qxa6 Qb6) 24. Rd1 $2 (24. Nb3 $17 {keeps fighting.}) 24... Nxa5 25. Qxa5 {[#]} Rd6 $1 {[%mdl 512]} 26. Qe1 (26. Bxd6 Qxa5) 26... Rxd1 27. Qxd1 a5 28. Bd6 b4 29. h4 Rf8 $2 (29... Ba6 $19 {has better winning chances. aiming for ...Re8.} 30. Bf3 Re8) 30. Qd3 $2 (30. Bxf8+ $17 {was the only chance.} Qxf8 31. Qc2) 30... Qb6 31. Bxf8+ Kxf8 32. Qf3+ {[#]} Kg8 $2 (32... Ke8 $1 $19 {[%cal Re8d8] Strongly threatening ...Kd8.} 33. Qf6 Qc5 34. Qh8+ Qf8 35. Qxh7 b3 36. Qxg6+ Kd8) 33. h5 $15 {[#]} Qc5 ({Better is} 33... d5 $1 $17 34. exd6 Qxd6 35. hxg6 hxg6) 34. hxg6 $1 $11 hxg6 35. Qf6 Qc1+ {Precision: White = 45%, Black = 49%.} *

[Event "Central-SRB chT 2018"]
[Site "Kragujevac"]
[Date "2018.09.19"]
[Round "8"]
[White "Ristic, Nenad"]
[Black "Parligras, Mircea-Emilian"]
[Result "1/2-1/2"]
[WhiteElo "2359"]
[BlackElo "2623"]
[Annotator "TA"]
[PlyCount "64"]
[EventDate "2018.09.14"]
[EventType "team-tourn"]
[EventCountry "SRB"]
[SourceTitle "playchess.com"]
[Source "ChessBase"]
[SourceQuality "1"]

{[%evp 22,64,10,17,8,0,0,-6,-4,-7,-8,0,0,-35,-33,-27,-25,-75,-8,0,135,27,174,166,152,121,141,153,145,99,104,104,106,26,45,34,43,0,0,0,0,0,0,0,0]} 1. e4 c5 2. Nf3 d6 3. Bb5+ Nd7 4. O-O a6 5. Bxd7+ Bxd7 6. c3 Nf6 7. Re1 Bc6 8. d4 cxd4 9. cxd4 Bxe4 {B51: Sicilian: Moscow Variation (3 Bb5+) without 3...Bd7} 10. Nc3 Bxf3 11. Qxf3 e6 12. Qxb7 {LiveBook: 16 Games} Qc8 $1 {[%cal Rc8b7]} 13. Qf3 Be7 14. Qg3 O-O $1 15. Bh6 {[%csl Gh6][%cal Rg3g7]} Ne8 $1 16. Nd5 (16. h4 Qb7 17. b3 {½-½ (47) Topalov,V (2752)-Gelfand,B (2738) Astana 2012}) 16... Bd8 {White must now prevent ...Kh8.} 17. Nf4 {Threatens to win with Nh5.} Qc2 18. Rac1 Qf5 19. d5 $146 {[%cal Rd5e6]} ({Predecessor:} 19. h4 Qf6 20. Qg5 Qxd4 21. b3 d5 22. Nh5 Kh8 23. Nf4 {0-1 (23) Auletta,A (2240)-Tiviakov,S (2640) Ischia 1998}) 19... Kh8 ({Better is} 19... e5 $17 {And now ...Kh8 would win.} 20. Nd3 Rb8) 20. dxe6 $11 {Strongly threatening Qf3.} Bf6 {[#]} (20... Ba5 $1 $11 21. Red1 fxe6) 21. Qf3 (21. exf7 $1 $16 gxh6 22. fxe8=N (22. fxe8=Q Raxe8 23. Rxe8 Rxe8 $16) (22. Rxe8 Rfxe8 23. fxe8=N Rxe8 $16) (22. fxe8=R Raxe8 23. Rxe8 Rxe8 $16) 22... Raxe8 23. Rxe8 Rxe8 24. Nd3) 21... Rb8 {[#]} (21... Ra7 $11) 22. exf7 $1 $18 gxh6 23. g4 (23. fxe8=B Bxb2 24. Rcd1 Qxf4 $14) 23... Qd7 24. Rxe8 ({But not} 24. fxe8=B Rbxe8 25. Rxe8 Qxe8 $16) 24... Rbxe8 25. fxe8=Q $40 {[%mdl 128] White goes for the king.} ({Don't take} 25. fxe8=B Qxe8 26. Rc7 Bxb2 $14) 25... Qxe8 26. Rc7 Bg7 27. Qe3 (27. b3 $16) 27... Qa4 $11 28. Rxg7 {Threatening mate with Qe7.} Rxf4 29. Qc3 {White wants to mate with Rg6+.} (29. b3 $5 {[%cal Rb3a4]} Rxg4+ 30. Rxg4 Qxg4+ 31. Qg3 $11) 29... Rc4 $1 {[%cal Rc4c3] The position is equal.} 30. Qf6 {[%csl Gf6][%cal Rg7g6]} Rf4 {( -> ...Qd1+)} 31. Qc3 {Intending Rg6+ and mate.} (31. Qxh6 {gets mated.} Qd1+ 32. Kg2 Qf3+ 33. Kg1 Qxf2+ 34. Kh1 Qf1#) 31... Rc4 $1 {[%cal Rc4c3]} 32. Qf6 {[%csl Gf6][%cal Rg7g6]} Rf4 {Precision: White = 49%, Black = 64%.} 1/2-1/2